| 000 | 00989nam a2200229 i 4500 | ||
|---|---|---|---|
| 001 | 10262 | ||
| 003 | ES-MaACL | ||
| 005 | 20250830062227.0 | ||
| 008 | 950404m19931994sp ||||1| spa d | ||
| 020 | _a84-85998-08-1 | ||
| 080 | _a25(081) | ||
| 100 | 1 |
_aSuquía Goicoechea, Ángel. _9108809 |
|
| 245 | 1 | 0 |
_aObras y escritos pastorales / _cAngel Suquía Goicoechea ; [edición preparada por Javier Martínez Fernández]. |
| 260 |
_aMadrid : _bArzobispado de Madrid, _c1993-1994. |
||
| 300 |
_a5 v. : _bil., retr. ; _c24 cm. |
||
| 505 | 0 | _av. 1. 1942-1966, escritos anteriores a la ordenación episcopal - v. 2. Almería (1966-1969), Málaga (1970-1973) - v. 3. Santiago de Compostela (1973-1983) - v. 4/1. Madrid (1983-1989) - v. 4/2. Madrid (1990-1994). | |
| 650 | 1 | 7 |
_aTeología pastoral _2embne _917472 |
| 700 | 1 |
_aMartínez Fernández, Javier. _9171243 |
|
| 710 | 1 |
_aMadrid (Archidiócesis). _bArzobispado. _9171242 |
|
| 852 |
_aES-MaACL _jL-17791-95 |
||
| 999 |
_c10262 _d10262 |
||